000 00897nam a2200181 i 4500
001 181383
003 ES-MaACL
005 20230906221340.0
008 121220s1889 sp | |||||||| | spa d
080 _a347(460)(038)
100 1 _aPantoja, José María.
_988825
245 1 0 _aRepertorio de la jurisprudencia civil española ó compilación completa, metódica y ordenada por órden alfabético de las diversas reglas de jurisprudencia sentadas por el Tribunal Supremo en las decisiones sobre recursos de nulidad, casación é injusticia notoria y en la resolución de las competencias jurisdiccionales
_bapéndice, 1883-1887 /
_cpor José María Pantoja.
260 _a[S.l.] :
_b[s.n.],
_c1889 (
_eMadrid :
_fImp. de los Hijos de J.A. García)
300 _a325 p. ;
_c28 cm.
500 _aÍndice.
650 _aDerecho civil-
_zEspaña-
_xJurisprudencia.
_911662
852 _aES-MaACL
_jB-9661
999 _c181383
_d181383